000 00984nam a2200265 a 4500
001 000023574
003 BNPHU
005 20250709115404.0
008 101214s1979 mx r 001 0 spa d
040 _aDO-SdBNP
_bspa
_cBNPHU
082 _a378.107
_bW177a
100 1 _aWalker, Donald E.
_948594
240 1 4 _aThe effective administrator.
_lEspañol.
245 1 3 _aEl administrador eficaz :
_bun enfoque práctico para la solución de problemas, toma de decisiones y liderazgo en el campus /
_cDonald E. Walker ; traducción de Luz del Carmen Rodríguez Martínez.
260 _aMéxico :
_bN.O.E.M.A.,
_c1979.
300 _a237 p. ;
_c21 cm.
500 _aIncluye índice
534 _pTítulo original en inglés:
_tThe effective administrator.
650 0 _aEducación superior
_9736
650 7 _aAdministradores escolares
_948595
650 0 _aUniversidades
_985564
700 1 _aRodríguez Martínez, Luz del Carmen,
_etr.
_948596
942 _2ddc
_cLF1
956 _aLOPEREZ
999 _c23070
_d23070